Tenisové centrum v Liptovskom Mikuláši

Saved in:
Bibliographic Details
Main Author: Mach, Miroslav, 1985- (Author)
Other Authors: Magura, Martin, 1982- (Thesis advisor)
Format: Manuscript Book
Language:Slovak
Published: Bratislava : STU v Bratislave SvF, 2012
Subjects:
Online Access:VAIS
Tags: Add Tag
No Tags, Be the first to tag this record!

MARC

LEADER 00000ntm a22000003a 4500
001 stu251920
005 20150617230227.0
008 120720s2012----xo------------------slo-d
040 |a STU  |b slo 
041 0 |a slo 
044 |a xo 
100 1 |a Mach, Miroslav,  |d 1985-  |4 aut  |u V180  |U SvF Stavebná fakulta  |T SvF Katedra konštrukcií pozemných stavieb  |X 38982  |U V180  |Y 18  |7 A000038982 
242 0 0 |a Tennis center in Liptovsky Mikuláš  |y eng 
245 1 |a Tenisové centrum v Liptovskom Mikuláši 
260 |a Bratislava :  |b STU v Bratislave SvF,  |c 2012 
650 7 |a beam  |2 estusub 
650 7 |a nosník  |2 stusub 
700 1 |a Magura, Martin,  |d 1982-  |4 ths  |u V190  |U SvF Stavebná fakulta  |T SvF Katedra kovových a drevených konštrukcií  |X 2620  |U V190  |Y 21  |7 A000002620 
856 4 |a info a plný text  |u http://is.stuba.sk/zp/portal_zp.pl?podrobnosti=93947  |3 VAIS